000 00990nam a2200229 i 4500
001 35182
003 ES-MaACL
005 20250807210529.0
007 t|
008 030212s1914 sp |||| | spa d
100 1 _aBotín y S. de Porrua, Francisco.
_930787
245 1 0 _aDiscurso leído en la sesión inaugural del año académico de 1914 en la Sociedad Ginecológica Española /
_cFrancisco Botín y S. de Porrua.
260 _aMadrid :
_b[s.n.,
_c1914] (
_fImp. de Joaquín Baena González)
300 _a32 p. ;
_c24 cm.
594 _aTema del discurso: Errores frecuentes en la educación actual de las jóvenes : sus consecuencias patológicas.
610 2 4 _aSociedad Ginecológica Española.
_96779
650 4 _aMujeres-
_xEducación
_912094
710 2 _aSociedad Ginecológica Española.
_96779
740 0 2 _aErrores frecuentes en la educación actual de las jóvenes: sus consecuencias patológicas.
852 _aES-MaACL
_jT-1395-F-9
999 _c35182
_d35182